Statistics for Guess the YouTubers' First Names

Click here to take the quiz!

General Stats

  • This quiz has been taken 13 times
  • The average score is 6 of 12

Answer Stats

Youtube NameReal Name% Correct
Mr. BeastJimmy
100%
MarkiplierMark
73%
PrestonPreston
73%
PewdiepieFelix
64%
DreamClay
55%
TommyinnitThomas
45%
SSSniperWolfAlia
36%
SSundeeIan
36%
LazarBeamLannan
36%
AphmauJessica
27%
UnspeakableNathan
27%
NinjaRichard
27%

Score Distribution

Percentile by Number Answered

Percent of People with Each Score

Your Score History

You have not taken this quiz